000 00339nam a2200109Ia 4500
008 171211s9999 xx 000 0 und d
245 4 _aThe Water Encyclopedia, Third Edition
245 _cEvan K. Nyer and Pedro Fierro Jr.
260 _c2007
650 _xEncyclopedia and Dictionary
856 _uhttp://down.ebook777.com/056/1566706459.pdf
999 _c350192
_d350192